Statistics for Countries That Start with T (with a map)

Click here to take the quiz!

General Stats

  • This quiz has been taken 291 times
  • The average score is 9 of 11

Answer Stats

Hint Hint Country % Correct
460.3130.6Turkey
91%
383.0232.4Togo
90%
608.0207.9Thailand
90%
513.0130.6Turkmenistan
89%
545.2133.5Tajikistan
88%
242.5226.6Trinidad and Tobago
84%
804.5282.8Tuvalu
84%
459.1282.5Tanzania
80%
798.1328.7Tonga
79%
401148Tunisia
78%
652.9182.1Taiwan
70%

Score Distribution

Percentile by Number Answered

Percent of People with Each Score

Your Score History

You have not taken this quiz